[Event "HUN-chT2 Maroczy 1516"]
[Site "Hungary"]
[Date "2016.04.17"]
[Round "9.8"]
[White "Vigh, Imre"]
[Black "Pesztericz, Laszlo"]
[Result "0-1"]
[WhiteElo "1623"]
[BlackElo "2104"]
[PlyCount "44"]
[EventDate "2015.10.18"]
[EventType "team-tourn"]
[EventRounds "9"]
[EventCountry "HUN"]
[SourceTitle "EXT 2017"]
[Source "ChessBase"]
[SourceDate "2016.10.25"]
[SourceVersion "1"]
[SourceVersionDate "2016.10.25"]
[SourceQuality "1"]
[WhiteTeam "Szigetszentmiklos"]
[BlackTeam "Vasas"]
[WhiteTeamCountry "HUN"]
[BlackTeamCountry "HUN"]

1. e4 e5 2. d4 exd4 3. c3 d5 4. Qxd4 dxe4 5. Qxe4+ Qe7 6. Qxe7+ Bxe7 7. Nf3 Nf6 8. Be2 0-0 9. 0-0 c6 10. Re1 Bc5 11. b4 Bb6 12. c4 a5 13. c5 Bc7 14. bxa5 Rxa5 15. Bd2 Ra8 16. Bc4 Na6 17. Re7 Bd8 18. Rxf7 Rxf7 19. Ng5 Nd5 20. Nxf7 Kxf7 21. Bxd5+ cxd5 22. Be3 Bf6 0-1